Checkout time at the dead-end hotel : (Record no. 8158)

MARC details
000 -LEADER
fixed length control field 00833nam a22002657a 4500
001 - CONTROL NUMBER
control field 8158
003 - CONTROL NUMBER IDENTIFIER
control field FISKH
005 - DATE AND TIME OF LATEST TRANSACTION
control field 20250829102000.0
008 - FIXED-LENGTH DATA ELEMENTS--GENERAL INFORMATION
fixed length control field 250829b cb ||||| |||| 00| 0 eng d
020 ## - INTERNATIONAL STANDARD BOOK NUMBER
International Standard Book Number 9780590399982
040 ## - CATALOGING SOURCE
Original cataloging agency FISKH
Language of cataloging eng
Transcribing agency FISKH
Modifying agency FISKH
082 ## - DEWEY DECIMAL CLASSIFICATION NUMBER
Classification number 813.54
100 ## - MAIN ENTRY--PERSONAL NAME
Personal name Stine, R. L.
245 ## - TITLE STATEMENT
Title Checkout time at the dead-end hotel :
Remainder of title Give yourself goosebumps
Statement of responsibility, etc. R. L. Stine
250 ## - EDITION STATEMENT
Edition statement This edition published in 2005
260 ## - PUBLICATION, DISTRIBUTION, ETC.
Place of publication, distribution, etc. New York :
Name of publisher, distributor, etc. Scholastic,
Date of publication, distribution, etc. 1998
300 ## - PHYSICAL DESCRIPTION
Extent 135 pages :
Dimensions 20 cm
505 ## - FORMATTED CONTENTS NOTE
Formatted contents note G<br/>
520 ## - SUMMARY, ETC.
Summary, etc. You've just checked into a crummy old hotel on a deserted highway. The problem? You can't check out -- ever!
521 8# - TARGET AUDIENCE NOTE
Target audience note 380<br/>
Source Lexile<br/>
521 8# - TARGET AUDIENCE NOTE
Target audience note G<br/>
Source Raz-Plus<br/>
650 ## - SUBJECT ADDED ENTRY--TOPICAL TERM
Topical term or geographic name entry element Adventure
Form subdivision Crime Fiction
General subdivision Goosebumps
942 ## - ADDED ENTRY ELEMENTS (KOHA)
Source of classification or shelving scheme Dewey Decimal Classification
Koha item type Books
Suppress in OPAC No
Holdings
Withdrawn status Lost status Source of classification or shelving scheme Damaged status Not for loan Collection Home library Current library Shelving location Date acquired Total Checkouts Full call number Barcode Date last seen Date last checked out Copy number Price effective from Koha item type
    Dewey Decimal Classification     Juvenile Fiction Footprints International School Library Network Toul Kork Campus Footprints International School Library Network Toul Kork Campus TK Primary Library Room(4th Floor), Bookcase 1&2, Shelves 1-16, Dark Blue Books 08/29/2025 1 STI 813.54 PZ7 FISTKG5A042 03/04/2026 02/25/2026 1 08/29/2025 Books